00480nam a2200169Ia 450000100060000000800410000602000180004704000130006508200220007810000290010024500850012925000080021426000510022230000110027354600070028470000190029113005140402s9999 xx 000 0 und d a0-534-17406-x cPK-LaUMT a 519.50243bJAC-S aBecker, Michael A., J.A. aStatistics for the behavioral sciencescBecker, Michael A., J.A.<>Jaccard, James a3rd aBoston,USA:bBrooks/Cole Publishing Co.,c1997 a646 p. aEN aJaccard, James